000 01850nam0a2200409 4500
001 RU\NLR\bibl\803562
005 20260409074620.0
010 _a5-8180-0169-5
_9500
021 _aRU
_b2005-2708
_9132
035 _a(NLR Aleph) 000792717
035 _aRSL-KNO-002566155
090 _a1131845
_c1131845
100 _a20050207d2004 k y0rusy50 ca
101 0 _arus
102 _aRU
105 _ay |||||||||
106 _ar
200 1 _aРиски в коммуникативном пространстве социума
_fС.Ю. Наумов, П.В. Журавлев, А.Ю. Шеховцев, А.В. Федорова
210 _aСаратов
_cПоволж. акад. гос. службы
_d2004
215 _a154, [1] с.
_d21
320 _aБиблиогр.: с. 140-153 и в подстроч. прим.
606 _aРиск (социол.)
_3RU\NLR\auth\661310535
_92179117
610 0 _aСоциология -- Социальные процессы -- Социальная коммуникация и интеракция (взаимодействие) -- Пособие для специалистов
686 _aС555.74,07
_2rubbk
686 _aС550.7
701 1 _4070
_8rus
_7ca
_aНаумов
_bС.Ю.
_cд-р ист. наук
_f1963-
_gСергей Юрьевич
_3RU\NLR\auth\7729821
_912849
701 1 _aЖуравлев
_bП. В.
_gПавел Владимирович
_4070
701 1 _aШеховцев
_bА. Ю.
_gАндрей Юрьевич
_4070
701 1 _4070
_8rus
_7ca
_aФедорова
_bА. В.
_cканд. филос. наук
_gАнна Валерьевна
_3RU\NLR\auth\7740607
_923559
801 0 _aRU
_bRuMoRKP
_c20050207
_grcr
801 1 _aRU
_bRuMoRGB
_c20050207
801 2 _aRU
_bNLR
_c20050525
_gPSBO
830 _aавт. по кн.
942 _cBOOK
980 _aNB